5HLuxD.jpg

KING HENRY VIII SENIOR AND PRIMARY SCHOOL LIBRARY OPAC

A star so bright : (Record no. 4000)

000 -LEADER
fixed length control field 01411cam a2200373 a 4500
001 - CONTROL NUMBER
control field 14253368
003 - CONTROL NUMBER IDENTIFIER
control field OSt
005 - DATE AND TIME OF LATEST TRANSACTION
control field 20241204150000.0
008 - FIXED-LENGTH DATA ELEMENTS--GENERAL INFORMATION
fixed length control field 060203r20072006paua a 000 1 eng
010 ## - LIBRARY OF CONGRESS CONTROL NUMBER
LC control number 2006003100
020 ## - INTERNATIONAL STANDARD BOOK NUMBER
International Standard Book Number 9781561485369
020 ## - INTERNATIONAL STANDARD BOOK NUMBER
International Standard Book Number 9781561485369 (hardcover)
035 ## - SYSTEM CONTROL NUMBER
System control number (OCoLC)ocm64688229
035 ## - SYSTEM CONTROL NUMBER
System control number (OCoLC)64688229
040 ## - CATALOGING SOURCE
Original cataloging agency DLC
Transcribing agency DLC
Modifying agency IG#
-- KH8
-- BAKER
-- LF3
-- YDXCP
-- EHH
-- UPZ
-- DLC
042 ## - AUTHENTICATION CODE
Authentication code lcac
-- lcac
050 00 - LIBRARY OF CONGRESS CALL NUMBER
Classification number PZ8.3.B97895
Item number Sta 2007
082 00 - DEWEY DECIMAL CLASSIFICATION NUMBER
Classification number FIC BUT
Edition number 22
100 1# - MAIN ENTRY--PERSONAL NAME
Personal name Butler, M. Christina.
245 12 - TITLE STATEMENT
Title A star so bright :
Remainder of title a Christmas tale /
Statement of responsibility, etc. M. Christina Butler ; illustrated by Caroline Pedler.
260 ## - PUBLICATION, DISTRIBUTION, ETC.
Place of publication, distribution, etc. Intercourse, PA :
Name of publisher, distributor, etc. Good Books,
Date of publication, distribution, etc. c2007.
300 ## - PHYSICAL DESCRIPTION
Extent 1 v. (unpaged) :
Other physical details col. ill. ; hardback
Dimensions 29 cm.
500 ## - GENERAL NOTE
General note Originally published: London : Little Tiger Press, 2006.
520 ## - SUMMARY, ETC.
Summary, etc. Animals of all kinds are filled with wonder when a very special star shines one night and lights up the stable where a baby has been born.
600 01 - SUBJECT ADDED ENTRY--PERSONAL NAME
Personal name Jesus Christ
General subdivision Nativity
Form subdivision Fiction.
650 #1 - SUBJECT ADDED ENTRY--TOPICAL TERM
Topical term or geographic name entry element Stars
Form subdivision Fiction.
650 #1 - SUBJECT ADDED ENTRY--TOPICAL TERM
Topical term or geographic name entry element Animals
Form subdivision Fiction.
650 #1 - SUBJECT ADDED ENTRY--TOPICAL TERM
Topical term or geographic name entry element Stories in rhyme.
655 #7 - INDEX TERM--GENRE/FORM
Genre/form data or focus term Picture books for children.
Source of term lcsh
700 1# - ADDED ENTRY--PERSONAL NAME
Personal name Pedler, Caroline,
Relator term ill.
906 ## - LOCAL DATA ELEMENT F, LDF (RLIN)
a 7
b cbc
c orignew
d 1
e ecip
f 20
g y-gencatlg
942 ## - ADDED ENTRY ELEMENTS (KOHA)
Source of classification or shelving scheme
Koha item type Books - Fiction
Holdings
Withdrawn status Lost status Source of classification or shelving scheme Damaged status Not for loan Collection code Permanent Location Current Location Shelving location Date acquired Total Checkouts Full call number Barcode Date last seen Date last checked out Price effective from Koha item type Public note
          Fiction KH8 Primary School Library KH8 Primary School Library Fiction 2024-12-04 1 FIC BUT KHPL000006452 2025-12-05 2025-11-21 2024-12-04 Books - Fiction KH8 PRIMARY LIBRARY

Powered By KH8 IT Dept